El futuro de las ciudades canarias en el contexto del libro verde sobre medio ambiente urbano de la Comisión de las Comunidades Europeas / (Record no. 11909)

MARC details
000 -LEADER
campo de control de longitud fija 01320nam a22002655i 4500
001 - NÚMERO DE CONTROL
campo de control 11909
003 - IDENTIFICADOR DE NÚMERO DE CONTROL
campo de control ES-MaACL
005 - FECHA Y HORA DE LA ÚLTIMA TRANSACCIÓN
campo de control 20230906150211.0
007 - CAMPO FIJO DE DESCRIPCIÓN FÍSICA--INFORMACIÓN GENERAL
campo de control de longitud fija t|
008 - DATOS DE LONGITUD FIJA--INFORMACIÓN GENERAL
campo de control de longitud fija 930928s1993 sp ||||0| spa j
040 ## - FUENTE DE CATALOGACIÓN
Centro catalogador/agencia de origen M-BN
Lengua de catalogación spa
Centro/agencia transcriptor M-BN
080 ## - NÚMERO DE LA CLASIFICACIÓN DECIMAL UNIVERSAL
Número de la Clasificación Decimal Universal 504.056(460.41)
080 ## - NÚMERO DE LA CLASIFICACIÓN DECIMAL UNIVERSAL
Número de la Clasificación Decimal Universal 32(460.41):504
080 ## - NÚMERO DE LA CLASIFICACIÓN DECIMAL UNIVERSAL
Número de la Clasificación Decimal Universal 504:32(460.41)
245 03 - MENCIÓN DEL TÍTULO
Título El futuro de las ciudades canarias en el contexto del libro verde sobre medio ambiente urbano de la Comisión de las Comunidades Europeas /
Mención de responsabilidad, etc. coordinador, Angel Francisco Rodríguez Barreda.
260 ## - PUBLICACIÓN, DISTRIBUCIÓN, ETC.
Lugar de publicación, distribución, etc. [La Laguna] :
Nombre del editor, distribuidor, etc. Amigos de la Tierra de Canarias,
Fecha de publicación, distribución, etc. D.L. 1993.
300 ## - DESCRIPCIÓN FÍSICA
Extensión 206 p :
Otras características físicas il ;
Dimensiones 23 cm.
500 ## - NOTA GENERAL
Nota general Ponencias presentadas a las Jornadas sobre "El Futuro de las Ciudades Canarias en el Contexto del Libro Verde sobre Medio Ambiente Urbano de la Comisión de las Comunidades Europeas"
650 #4 - PUNTO DE ACCESO ADICIONAL DE MATERIA--TÉRMINO DE MATERIA
Término de materia o nombre geográfico como elemento de entrada Medio ambiente-
Subdivisión general Degradación-
Subdivisión geográfica Canarias.
9 (RLIN) 14953
651 #4 - PUNTO DE ACCESO ADICIONAL DE MATERIA--NOMBRE GEOGRÁFICO
Nombre geográfico Canarias-
Subdivisión general Política ambiental.
9 (RLIN) 7957
700 1# - ENTRADA AGREGADA--NOMBRE PERSONAL
Nombre de persona Rodríguez Barreda, Angel Francisco.
9 (RLIN) 98371
710 2# - ENTRADA AGREGADA--NOMBRE DE ENTIDAD CORPORATIVA
Nombre de entidad corporativa o nombre de jurisdicción como elemento de entrada Amigos de la Tierra de Canarias.
9 (RLIN) 1383
711 2# - ENTRADA AGREGADA--NOMBRE DE REUNIÓN
Nombre de congreso/reunión o jurisdicción como elemento de entrada Jornadas sobre "El Futuro de las Ciudades Canarias en el contexto del Libro Verde sobre Medio Ambiente Urbano de la Comisión de las Comunidades Europeas" (
Fecha del congreso o de la firma del tratado 1992.
Sede del congreso/Lugar de la reunión La Laguna)
9 (RLIN) 861
852 ## - LOCALIZACIÓN
Ubicación ES-MaACL
Número de control de estantería L-19147
Sublocalización o colección R.122460
Holdings
Estatus retirado Estado de pérdida Estado de daño No para préstamo Biblioteca de origen Biblioteca actual Ubicación en estantería Fecha de adquisición Fuente de adquisición Total de préstamos Signatura topográfica completa Código de barras Visto por última vez Precio de reemplazo Tipo de ítem Koha
        Biblioteca del Ateneo de Madrid Biblioteca del Ateneo de Madrid Depósito 2 17/01/2008     L-19147 1012136 23/02/2023 23/02/2023 Libro impreso